[Event "Sachsen-Anhalt Landesliga A 18/19"]
[Site "Sachsen Anhalt"]
[Date "2018.11.11"]
[Round "3.5"]
[White "Kelm, Daniel"]
[Black "Grassmann, Heinz"]
[Result "1/2-1/2"]
[WhiteElo "1880"]
[BlackElo "1953"]
[PlyCount "42"]
[EventDate "2018.09.23"]
[EventType "team-tourn"]
[EventRounds "9"]
[EventCountry "GER"]
[SourceTitle "EXT 2022"]
[Source "ChessBase"]
[SourceDate "2021.10.06"]
[SourceVersion "1"]
[SourceVersionDate "2021.10.06"]
[SourceQuality "1"]
[WhiteTeam "Magdeburg SC Norbertus"]
[BlackTeam "Magdeburg USC II"]
[WhiteTeamCountry "GER"]
[BlackTeamCountry "GER"]

1. d4 d5 2. Nf3 Nf6 3. Bf4 e6 4. e3 Be7 5. c4 c5 6. dxc5 Bxc5 7. Qc2 0-0 8. Nc3 Nc6 9. a3 dxc4 10. Rd1 Bd7 11. Bxc4 a6 12. b4 Be7 13. 0-0 Qc8 14. Na4 Nxb4 15. axb4 Bxa4 16. Qxa4 Qxc4 17. Rd4 Qb5 18. Qxb5 axb5 19. Bd6 Bxd6 20. Rxd6 Nd5 21. Nd4 Nxb4 1/2-1/2

[Event "GER-chA Seniors 27th"]
[Site "Magdeburg"]
[Date "2015.08.16"]
[Round "2"]
[White "Khodjabagyan, Seyran"]
[Black "Grassmann, Heinz"]
[Result "1/2-1/2"]
[WhiteElo "2127"]
[BlackElo "1952"]
[PlyCount "66"]
[EventDate "2015.08.15"]
[EventType "swiss"]
[EventRounds "9"]
[EventCountry "GER"]
[SourceTitle "EXT 2018"]
[Source "ChessBase"]
[SourceDate "2017.10.13"]
[SourceVersion "1"]
[SourceVersionDate "2017.10.13"]
[SourceQuality "1"]

1. d4 d5 2. Nf3 Nf6 3. Bg5 e6 4. c4 Be7 5. Nc3 0-0 6. e3 h6 7. Bh4 b6 8. cxd5 Nxd5 9. Bxe7 Qxe7 10. Bd3 Nxc3 11. bxc3 Bb7 12. 0-0 Nd7 13. e4 Rfd8 14. Qe2 c5 15. Rad1 cxd4 16. cxd4 Qa3 17. Rfe1 Rac8 18. Bb1 Nf8 19. Ne5 Rc3 20. Qh5 Qe7 21. Re3 Rxe3 22. fxe3 Nd7 23. Nc4 Nf6 24. Qh4 Nd5 25. Qe1 Nf6 26. e5 Ne8 27. Qf2 Rc8 28. Nd2 Qa3 29. Rf1 Rc7 30. h3 Ba6 31. Re1 Rc1 32. Rxc1 Qxc1+ 33. Kh2 Qb2 1/2-1/2

[Event "EU-chT Seniors 15th"]
[Site "Dresden"]
[Date "2013.07.22"]
[Round "3"]
[White "Breitfeld, Joachim"]
[Black "Grassmann, Heinz"]
[Result "1/2-1/2"]
[WhiteElo "2011"]
[BlackElo "1941"]
[PlyCount "45"]
[EventDate "2013.07.20"]
[EventType "team-swiss"]
[EventRounds "9"]
[EventCountry "GER"]
[SourceTitle "CBM 155 Extra"]
[Source "ChessBase"]
[SourceDate "2013.08.26"]
[SourceVersion "1"]
[SourceVersionDate "2013.08.26"]
[SourceQuality "1"]
[WhiteTeam "Sachsen Anhalt"]
[BlackTeam "Magdeburg Ottonen"]
[WhiteTeamCountry "GER"]
[BlackTeamCountry "GER"]

1. b4 e5 2. Bb2 Bxb4 3. Bxe5 Nf6 4. e3 0-0 5. Be2 Nc6 6. Bb2 d5 7. Nf3 Re8 8. 0-0 Bg4 9. h3 Bh5 10. d3 Bxf3 11. Bxf3 Ne5 12. a4 c6 13. Ba3 Qa5 14. Bb2 Rad8 15. Be2 Qc7 16. c3 Bd6 17. Nd2 Qe7 18. Qb3 Rb8 19. d4 Ng6 20. Nf3 Ne4 21. Ba3 Ng3 22. Rfe1 Nxe2+ 23. Rxe2 1/2-1/2

[Event "EU-chT Seniors 15th"]
[Site "Dresden"]
[Date "2013.07.21"]
[Round "2"]
[White "Grassmann, Heinz"]
[Black "Nyberg, Bo"]
[Result "1/2-1/2"]
[WhiteElo "1941"]
[BlackElo "1852"]
[PlyCount "92"]
[EventDate "2013.07.20"]
[EventType "team-swiss"]
[EventRounds "9"]
[EventCountry "GER"]
[SourceTitle "CBM 155 Extra"]
[Source "ChessBase"]
[SourceDate "2013.08.26"]
[SourceVersion "1"]
[SourceVersionDate "2013.08.26"]
[SourceQuality "1"]
[WhiteTeam "Magdeburg Ottonen"]
[BlackTeam "Sweden IV"]
[WhiteTeamCountry "GER"]
[BlackTeamCountry "SWE"]

1. d4 e6 2. c4 d5 3. Nc3 f5 4. Nf3 Nf6 5. Bg5 Be7 6. e3 0-0 7. Be2 c6 8. 0-0 Nbd7 9. c5 Ne4 10. Bxe7 Qxe7 11. Qc2 e5 12. b4 exd4 13. Nxd4 Ndf6 14. Rfe1 Bd7 15. a3 Rae8 16. Bf3 Nxc3 17. Qxc3 Ne4 18. Qc2 Qh4 19. g3 Qh6 20. Ne2 g5 21. Bg2 Nf6 22. Nd4 Ng4 23. Nf3 Rf7 24. Qc3 Rfe7 25. h3 Ne5 26. Nxe5 Rxe5 27. Qd2 Qe6 28. Kf1 Qf6 29. Rad1 Kg7 30. Qd4 Kg6 31. Qd3 Kg7 32. Qd4 f4 33. gxf4 gxf4 34. Qxf4 Qxf4 35. exf4 Rxe1+ 36. Rxe1 Rxe1+ 37. Kxe1 Kf6 38. Ke2 Bf5 39. Ke3 h5 40. h4 Bg4 41. Bf1 a6 42. Bd3 Ke6 43. Bg6 Kf6 44. Bd3 Ke6 45. Kd4 Kf6 46. Ke3 Ke6 1/2-1/2

[Event "GER-ch Seniors 23rd"]
[Site "Halle"]
[Date "2011.08.12"]
[Round "8"]
[White "Reeh, Axel"]
[Black "Grassmann, Heinz"]
[Result "0-1"]
[WhiteElo "1857"]
[BlackElo "1961"]
[PlyCount "110"]
[EventDate "2011.08.05"]
[EventType "swiss"]
[EventRounds "9"]
[EventCountry "GER"]
[SourceTitle "CBM 144 Extra"]
[Source "ChessBase"]
[SourceDate "2011.10.28"]
[SourceVersion "1"]
[SourceVersionDate "2011.10.28"]
[SourceQuality "1"]

1. d4 Nf6 2. c4 e6 3. Nf3 d5 4. e3 Be7 5. Nc3 0-0 6. Be2 dxc4 7. Bxc4 b6 8. 0-0 Bb7 9. Re1 c5 10. Qe2 a6 11. Rd1 Qc7 12. Bd2 b5 13. Bb3 c4 14. Bc2 Nc6 15. a3 Rfd8 16. Be1 Qb6 17. Na2 Rac8 18. Nb4 a5 19. Nxc6 Bxc6 20. Ne5 Bb7 21. a4 b4 22. f3 Ba6 23. Qf2 Nd7 24. Nxd7 Rxd7 25. Rdb1 Bf6 26. Kh1 e5 27. Bf5 Rcd8 28. Bxd7 Rxd7 29. Rd1 exd4 30. exd4 Bxd4 31. Qe2 Rd8 32. Qc2 Re8 33. Rab1 g6 34. Bg3 Qc5 35. Re1 Rc8 36. Red1 c3 37. bxc3 Bxc3 38. Qe4 Bc4 39. Bd6 Qc6 40. Qc2 Be6 41. Be7 Bf5 42. Qb3 Bxb1 43. Rxb1 Re8 44. Bh4 Qe6 45. Qd1 Qc4 46. Bg3 Qa2 47. Rc1 Kg7 48. Rxc3 bxc3 49. Qd4+ Kg8 50. h4 c2 51. Bf4 Qb1+ 52. Kh2 c1Q 53. Bxc1 Qxc1 54. Qd7 Qf4+ 55. g3 Re2+ 0-1

[Event "GER-ch Seniors 23rd"]
[Site "Halle"]
[Date "2011.08.09"]
[Round "5"]
[White "Grassmann, Heinz"]
[Black "Reichel, Rolf"]
[Result "0-1"]
[WhiteElo "1961"]
[BlackElo "1979"]
[PlyCount "82"]
[EventDate "2011.08.05"]
[EventType "swiss"]
[EventRounds "9"]
[EventCountry "GER"]
[SourceTitle "CBM 144 Extra"]
[Source "ChessBase"]
[SourceDate "2011.10.28"]
[SourceVersion "1"]
[SourceVersionDate "2011.10.28"]
[SourceQuality "1"]

1. d4 d5 2. c4 c6 3. cxd5 cxd5 4. Nc3 Nc6 5. Nf3 Nf6 6. e3 Bg4 7. Be2 e6 8. 0-0 Bd6 9. a3 Rc8 10. b4 Bxf3 11. Bxf3 Nxb4 12. axb4 Rxc3 13. Rxa7 0-0 14. Bd2 Rc4 15. g3 Qb8 16. Ra2 Bxb4 17. Rb2 Bxd2 18. Qxd2 Rfc8 19. Rfb1 R8c7 20. Be2 Ne4 21. Qa5 Rc1+ 22. Rxc1 Rxc1+ 23. Kg2 Nd6 24. Qb6 Qc7 25. Qa7 f6 26. Bd3 g6 27. h4 Kg7 28. e4 dxe4 29. Bxe4 b5 30. Qa8 Nxe4 31. Qxe4 Qc4 32. Qb7+ Kh6 33. Rxb5 Qf1+ 34. Kf3 Rc3+ 35. Kg4 f5+ 36. Kf4 Qxf2+ 37. Ke5 Qxg3+ 38. Kxe6 Qxh4 39. d5 Re3+ 40. Kf7 Qd8 41. d6 Qe8+ 0-1

[Event "GER-ch Seniors 23rd"]
[Site "Halle"]
[Date "2011.08.08"]
[Round "4"]
[White "Andersen, Knut"]
[Black "Grassmann, Heinz"]
[Result "1-0"]
[WhiteElo "2093"]
[BlackElo "1961"]
[PlyCount "77"]
[EventDate "2011.08.05"]
[EventType "swiss"]
[EventRounds "9"]
[EventCountry "GER"]
[SourceTitle "CBM 144 Extra"]
[Source "ChessBase"]
[SourceDate "2011.10.28"]
[SourceVersion "1"]
[SourceVersionDate "2011.10.28"]
[SourceQuality "1"]

1. c4 e5 2. Nc3 Nf6 3. g3 d5 4. cxd5 Nxd5 5. Bg2 Ne7 6. Nf3 Nbc6 7. d3 Nf5 8. 0-0 f6 9. a3 Be6 10. b4 a6 11. Nd2 Be7 12. Nde4 0-0 13. e3 Qd7 14. Qc2 Rad8 15. Rd1 Na7 16. Nc5 Bxc5 17. bxc5 Nc6 18. Rb1 Rb8 19. Rb2 Rfd8 20. Qb1 Qc8 21. Bd2 Nfe7 22. Be1 Bf5 23. Na2 Qd7 24. Nb4 Nxb4 25. Rxb4 c6 26. Qb2 Kf8 27. d4 Qc7 28. e4 Bc8 29. Ra4 exd4 30. Ba5 Qd7 31. Bxd8 Qxd8 32. Raxd4 Qc7 33. Qb1 Bg4 34. f3 Bh5 35. Rd7 Qa5 36. Qb4 Qxb4 37. axb4 Re8 38. Rd8 Rxd8 39. Rxd8+ 1-0

[Event "EU-chT Seniors 12th"]
[Site "Dresden"]
[Date "2010.02.16"]
[Round "7"]
[White "Bernhoeft, Erhard"]
[Black "Grassmann, Heinz"]
[Result "1/2-1/2"]
[WhiteElo "2024"]
[BlackElo "1964"]
[PlyCount "59"]
[EventDate "2010.02.10"]
[EventType "team-swiss"]
[EventRounds "9"]
[EventCountry "GER"]
[SourceTitle "CBM 134 Extra"]
[Source "ChessBase"]
[SourceDate "2010.03.03"]
[SourceVersion "1"]
[SourceVersionDate "2010.03.03"]
[SourceQuality "1"]
[WhiteTeam "Brandenburg Seniors"]
[BlackTeam "Magdeburg Ottonen (Seniors)"]
[WhiteTeamCountry "GER"]
[BlackTeamCountry "GER"]

1. g3 c5 2. c4 Nf6 3. Nc3 e6 4. Bg2 Nc6 5. e4 d6 6. Nge2 Be7 7. 0-0 0-0 8. d4 cxd4 9. Nxd4 Bd7 10. Ndb5 Qb8 11. Bg5 a6 12. Nd4 Rd8 13. Rc1 h6 14. Be3 Ne5 15. Qe2 Qc7 16. b3 Rac8 17. h3 Nc6 18. Nc2 Ne5 19. Nd1 d5 20. exd5 exd5 21. Bf4 Bd6 22. c5 Qxc5 23. Bxe5 Bb5 24. Bxd6 Bxe2 25. Bxc5 Bxf1 26. Be7 Bxg2 27. Bxd8 Be4 28. Bxf6 gxf6 29. Nde3 d4 30. Rd1 1/2-1/2

[Event "EU-chT Seniors 12th"]
[Site "Dresden"]
[Date "2010.02.15"]
[Round "6"]
[White "Grassmann, Heinz"]
[Black "Schwier, Manfred"]
[Result "1/2-1/2"]
[WhiteElo "1964"]
[BlackElo "2165"]
[PlyCount "35"]
[EventDate "2010.02.10"]
[EventType "team-swiss"]
[EventRounds "9"]
[EventCountry "GER"]
[SourceTitle "CBM 134 Extra"]
[Source "ChessBase"]
[SourceDate "2010.03.03"]
[SourceVersion "1"]
[SourceVersionDate "2010.03.03"]
[SourceQuality "1"]
[WhiteTeam "Magdeburg Ottonen (Seniors)"]
[BlackTeam "Dresden Lokomotiv (Seniors)"]
[WhiteTeamCountry "GER"]
[BlackTeamCountry "GER"]

1. d4 d5 2. c4 e6 3. Nc3 f5 4. Nf3 Nf6 5. Bg5 Be7 6. e3 c6 7. cxd5 exd5 8. Bd3 Ne4 9. Bxe7 Qxe7 10. Ne5 0-0 11. 0-0 Nd7 12. f4 Nxe5 13. fxe5 Be6 14. Qc2 g6 15. Nxe4 fxe4 16. Be2 Bf5 17. Rac1 Rac8 18. Rf2 1/2-1/2

[Event "EU-chT Seniors 12th"]
[Site "Dresden"]
[Date "2010.02.13"]
[Round "4"]
[White "Wheeler, John Francis"]
[Black "Grassmann, Heinz"]
[Result "1-0"]
[WhiteElo "2129"]
[BlackElo "1964"]
[PlyCount "73"]
[EventDate "2010.02.10"]
[EventType "team-swiss"]
[EventRounds "9"]
[EventCountry "GER"]
[SourceTitle "CBM 134 Extra"]
[Source "ChessBase"]
[SourceDate "2010.03.03"]
[SourceVersion "1"]
[SourceVersionDate "2010.03.03"]
[SourceQuality "1"]
[WhiteTeam "England (Seniors)"]
[BlackTeam "Magdeburg Ottonen (Seniors)"]
[WhiteTeamCountry "ENG"]
[BlackTeamCountry "GER"]

1. d4 Nf6 2. c4 e6 3. Nf3 d5 4. Nc3 Be7 5. Bg5 0-0 6. e3 h6 7. Bh4 b6 8. cxd5 Nxd5 9. Bxe7 Qxe7 10. Nxd5 exd5 11. Qd2 a5 12. Rc1 Be6 13. Bd3 c5 14. 0-0 Nd7 15. Bb1 Rfc8 16. Rfe1 Bg4 17. dxc5 Bxf3 18. gxf3 Qg5+ 19. Kh1 Qh5 20. Qd1 bxc5 21. Rg1 Nf6 22. Rg3 Qe5 23. Qd2 Rab8 24. b3 Nh5 25. Rg2 d4 26. f4 Qf6 27. Qe2 Qh4 28. Rcg1 Re8 29. Rg4 Qh3 30. Bf5 Kf8 31. Rg5 Nxf4 32. Qd1 hxg5 33. Bxh3 Nxh3 34. Rf1 Rbd8 35. Qf3 Nxf2+ 36. Qxf2 dxe3 37. Qxf7# 1-0

[Event "EU-chT Seniors 12th"]
[Site "Dresden"]
[Date "2010.02.12"]
[Round "3"]
[White "Almi, Olavi"]
[Black "Grassmann, Heinz"]
[Result "1/2-1/2"]
[WhiteElo "1792"]
[BlackElo "1964"]
[PlyCount "59"]
[EventDate "2010.02.10"]
[EventType "team-swiss"]
[EventRounds "9"]
[EventCountry "GER"]
[SourceTitle "CBM 134 Extra"]
[Source "ChessBase"]
[SourceDate "2010.03.03"]
[SourceVersion "1"]
[SourceVersionDate "2010.03.03"]
[SourceQuality "1"]
[WhiteTeam "Turku TS (Seniors)"]
[BlackTeam "Magdeburg Ottonen (Seniors)"]
[WhiteTeamCountry "FIN"]
[BlackTeamCountry "GER"]

1. e4 c5 2. Nf3 d6 3. d4 cxd4 4. Nxd4 a6 5. Nc3 Nf6 6. Be2 e6 7. 0-0 Be7 8. Be3 0-0 9. f4 Qc7 10. Bf3 Bd7 11. Qe2 Nc6 12. Rad1 Rac8 13. Kh1 Na5 14. Qf2 Nc4 15. Bc1 b5 16. b3 Na5 17. Bd2 Nc6 18. Rc1 Nxd4 19. Qxd4 Qc5 20. Ne2 d5 21. e5 Ne8 22. c3 g6 23. Qe3 Qa3 24. Rc2 Ng7 25. g4 Rc7 26. Bc1 Qa5 27. Nd4 Rfc8 28. Qd3 Qb6 29. Bb2 Bc5 30. Rfc1 1/2-1/2

[Event "EU-chT Seniors 09th"]
[Site "Dresden"]
[Date "2007.02.19"]
[Round "4"]
[White "Hentzschel, Erhard"]
[Black "Grassmann, Heinz"]
[Result "0-1"]
[WhiteElo "1950"]
[BlackElo "1799"]
[PlyCount "70"]
[EventDate "2007.02.16"]
[EventType "team-swiss"]
[EventRounds "9"]
[EventCountry "GER"]
[SourceTitle "CBM 117 Extra"]
[Source "ChessBase"]
[SourceDate "2007.05.09"]
[SourceVersion "1"]
[SourceVersionDate "2007.05.09"]
[SourceQuality "1"]

1. e4 c5 2. f4 d6 3. Bb5+ Nd7 4. Nf3 a6 5. Bc4 e6 6. a4 Nb6 7. Be2 Nf6 8. a5 Nbd7 9. Nc3 Qc7 10. d3 Be7 11. 0-0 0-0 12. Kh1 Nb8 13. e5 Nfd7 14. exd6 Bxd6 15. Ng5 h6 16. Nge4 Be7 17. Qe1 Nc6 18. Nd1 Nd4 19. Ne3 Nf6 20. Bf3 Nd5 21. Bd1 Nxe3 22. Bxe3 Nf5 23. Bd2 c4 24. dxc4 Qxc4 25. b3 Qc7 26. c4 Bd7 27. Bc3 Rad8 28. Be5 Qc8 29. Bf3 Bc6 30. Bc3 Rd3 31. Ng3 Ne3 32. Rf2 Bxf3 33. gxf3 Rfd8 34. Nf1 Bh4 35. Ng3 Rd1 0-1

[Event "EU-chT Seniors 09th"]
[Site "Dresden"]
[Date "2007.02.18"]
[Round "3"]
[White "Grassmann, Heinz"]
[Black "Seifert, Klaus"]
[Result "1/2-1/2"]
[WhiteElo "1799"]
[BlackElo "1945"]
[PlyCount "28"]
[EventDate "2007.02.16"]
[EventType "team-swiss"]
[EventRounds "9"]
[EventCountry "GER"]
[SourceTitle "CBM 117 Extra"]
[Source "ChessBase"]
[SourceDate "2007.05.09"]
[SourceVersion "1"]
[SourceVersionDate "2007.05.09"]
[SourceQuality "1"]

1. d4 Nf6 2. c4 g6 3. Nc3 d5 4. cxd5 Nxd5 5. e4 Nxc3 6. bxc3 Bg7 7. Bc4 c5 8. Be3 0-0 9. Ne2 Nc6 10. 0-0 Qc7 11. Bb3 Rd8 12. Qc2 cxd4 13. cxd4 Qa5 14. Rad1 Bd7 1/2-1/2